000 00367nam a2200145Ia 4500
008 231129s1985||||xx |||||||||||||| ||spa||
020 _a84-7634-185-7
040 _bspa
082 _a940.3 R419pr
100 _aRenouvin Pierre
245 0 _aLa primera guerra mundial
260 _c1985
264 _aOrbis
942 _2ddc
_cBKS
999 _c17989
_d17989